| 000 | 00553cam a22002171 4500 | ||
|---|---|---|---|
| 001 | sa 67003298 | ||
| 003 | DLC | ||
| 005 | 20260227112337.0 | ||
| 008 | 890808s1966 ii 000 1 tamo | ||
| 010 | _asa 67003298 | ||
| 035 | _a(OCoLC)20142375 | ||
| 040 |
_aDLC _cWaU _dDLC |
||
| 050 | 0 | 0 |
_aPL4758.4 _b.S2 |
| 100 | 0 |
_aCālai Iḷantiraiyan̲, _d1930- |
|
| 245 | 1 | 0 | _aCir̲ukataiccelvam. |
| 260 | _c[1966] | ||
| 300 |
_a232 p. _c18 cm. |
||
| 500 | _aIn Tamil. | ||
| 500 | _aEssays previously published in Uma. | ||
| 650 | 0 | _aShort stories, Tamil. | |
| 999 |
_c73772 _d73772 |
||